10 Countries With The Highest GDP Per Capita By Continent - Statistics

General Stats
  • This quiz has been taken 42 times
  • The average score is 49 of 60
Answer Stats
$ Country % Correct
$51,980 Canada
97%
$234,320 Monaco
97%
$90,640 Norway
97%
$56,360 Sweden
97%
$68,030 Denmark
95%
$102,220 Ireland
95%
$127,680 Luxembourg
95%
$32,280 South Korea
95%
$69,180 United States
95%
$14,620 Argentina
92%
$66,400 Australia
92%
$6,670 Colombia
92%
$4,510 Egypt
92%
$157,780 Liechtenstein
92%
$79,450 Singapore
92%
$95,530 Switzerland
92%
$35,240 Bahamas
89%
$13,350 Brazil
89%
$17,265 Chile
89%
$34,360 Japan
89%
$61,030 Netherlands
89%
$47,270 New Zealand
89%
$7,050 Peru
89%
$87,890 Qatar
89%
$7,060 South Africa
89%
$4,150 Algeria
86%
$20,740 Barbados
86%
$6,420 Ecuador
86%
$73,980 Iceland
86%
$24,050 Uruguay
86%
$3,890 Morocco
84%
$6,040 Paraguay
84%
$19,120 Saint Kitts and Nevis
84%
$35,520 Taiwan
84%
$55,350 United Arab Emirates
84%
$38,130 Kuwait
81%
$16,780 Panama
81%
$18,650 Seychelles
81%
$16,170 Antigua and Barbuda
78%
$5,340 Fiji
78%
$10,950 Mexico
78%
$5,250 Suriname
78%
$20,010 Trinidad and Tobago
78%
$14,090 Costa Rica
76%
$5,010 Tonga
76%
$47,800 Israel
73%
$6,360 Libya
73%
$9,120 Mauritius
73%
$10,650 Nauru
73%
$4,130 Samoa
73%
$42,940 Brunei
70%
$9,990 Guyana
70%
$5,900 Tuvalu
70%
$4,860 Marshall Islands
68%
$12,660 Palau
68%
$4,070 FS Micronesia
65%
$4,870 Namibia
59%
$7,350 Botswana
57%
$3,760 Angola
46%
$34,940 Cyprus
41%
No matching quizzes found
Score Distribution
Percent of People with Each Score
Percentile by Number Answered
Your Score History
You have not taken this quiz